00661nam a2200145Ia 4500008004100000050002300041100002600064245017500090260008600265300002000351521001200371942000700383999001900390952010600409140724s9999 xx 000 0 und d aRT 89b.Ad221 2008 aAdan, Steve Randolph. 2aA study of the compliance rate of low income primigravidas at a Las Piñas City community :ba development of an improved health teaching program /cSteve Randolph Adan. aLas Piñas, Philippines :bSouthville International School and Colleges,cc2008. a99 p. :c28 cm. aNursing cTH c228785d228785 001040aCLbCLcTHESESd2014-07-24l0oRT 89 .Ad221 2008pT0139r2018-05-15 00:00:00w2014-07-24yTH